| 000 | 00652nam a22002057a 4500 | ||
|---|---|---|---|
| 999 |
_c18325 _d18325 |
||
| 003 | AR-CdUCM | ||
| 008 | 190513b ||||| |||| 00| 0 spa d | ||
| 040 |
_aMUNICIPALIDAD PROVINCIAL DEL CUSCO _cBIBLIOTECA MUNICIPAL DEL CUSCO |
||
| 082 |
_a344 / _bF48 |
||
| 100 |
_aFilho, Fabio Luz _938843 |
||
| 245 | _aEl cooperativismo y el estado / | ||
| 260 |
_aBuenos Aires / _bINTYERCOOP, _c1961. |
||
| 300 |
_a91 paginas ; _c18 cm. |
||
| 505 | _aContenido :El cooperativismo y el estado / | ||
| 650 |
_aLegislación _92962 |
||
| 650 |
_aReforma agraria _91861 |
||
| 650 |
_aDerecho comparativo _938844 |
||
| 942 |
_2ddc _cLIBROS |
||
| 945 |
_arjall _d2019-05-13 |
||